Compilación de manuales de tipología documental de los municipios
Descripción Física:
200, 130, 126 p. ; 22 cm
MARC
| LEADER | 00000nam a2200000Ia 4500 | ||
|---|---|---|---|
| 001 | 12007 | ||
| 003 | BGR | ||
| 005 | 20260324175342.0 | ||
| 008 | 160829s1997 xx 000 0 cat d | ||
| 080 | |a A-2-385 | ||
| 245 | |a Compilación de manuales de tipología documental de los municipios | ||
| 260 | |a Madrid : |b Comunidad de Madrid. Consejería de Educación y Cultura, |c 1997 | ||
| 300 | |a 200, 130, 126 p. ; |c 22 cm | ||
| 650 | |a Documents públics |x Classificació |9 28534 | ||
| 650 | 0 | |a Arxius municipals |9 41223 | |
| 710 | |a Madrid (Comunitat autònoma) |9 61032 |b Consejería de Educación y Cultura | ||
| 901 | |a Arxiu | ||
| 942 | |n 1 |2 udc |c MON | ||
| 952 | |0 0 |1 0 |4 0 |6 A2385 |7 1 |9 44855 |a Arxiu |b Arxiu |d 2016-12-01 |l 0 |o A-2-385 |p 12007 |r 2016-12-01 00:00:00 |w 2016-12-01 |y ARXIU | ||
| 999 | |c 47453 |d 47453 | ||